Normal view
MARC view
- Urangzaib Ahmed Ghaznavi
Entry Personal Name
001 - CONTROL NUMBER
- control field: 16573
003 - CONTROL NUMBER IDENTIFIER
- control field: NUST
005 - DATE AND TIME OF LATEST TRANSACTION
- control field: 20190703104200.0
008 - FIXED-LENGTH DATA ELEMENTS
- fixed length control field: 190703|| aca||aabn | a|a d
040 ## - CATALOGING SOURCE
- Original cataloging agency: NUST
- Transcribing agency: NUST
100 ## - HEADING--PERSONAL NAME
- Personal name: Urangzaib Ahmed Ghaznavi
670 ## - SOURCE DATA FOUND
- Source citation: Work cat.: (NUST): Urangzaib Ahmed Ghaznavi, Toot Giya Zanjeera /, 1996.
